| 000 | 00873cam a2200229 4500 | ||
|---|---|---|---|
| 001 | 6647 | ||
| 020 | _a0198062176 (pbk.) | ||
| 020 | _a9780198062172 (pbk.) | ||
| 100 | 1 | _aNandy, Ashis. | |
| 245 | 1 | 4 |
_aThe intimate enemy : _bloss and recovery of self under colonialism / _cby Ashis Nandy. |
| 250 | _a2nd ed. | ||
| 260 |
_aNew Delhi ; _bOxford University Press, _c2009. |
||
| 300 |
_axx, 132 p. ; _c22 cm. |
||
| 500 | _aIncludes index. | ||
| 500 | _aPrevious ed.: 1983. | ||
| 504 | _aIncludes bibliographical references and index. | ||
| 505 |
_aCONTENTS: Psychology of colonialism: sex, age and ideology in British India -- Uncolonized mind: a post-colonial view of India and the west. _g _r _t |
||
| 650 | 0 | _aImperialism. | |
| 651 | 0 |
_aIndia _xCivilization _y1765-1947. |
|
| 651 | 0 |
_aIndia _xColonial influence. |
|
| 651 | 0 |
_aIndia _xHistory _yBritish occupation, 1765-1947. |
|
| 999 |
_c5597 _d5597 |
||